Statistics for Soccer Multiple Choice #1

Click here to take the quiz!

General Stats

  • This quiz has been taken 35 times
  • The average score is 7 of 8

Answer Stats

QuestionAnswer% Correct
Which one of these clubs has Lionel Messi Been In?Barcelona FC
100%
Where is Pele From?Brazil
100%
Which is not a premier league team?Paris Saint-German (PSG)
100%
Which IS NOT From Chelsea FC?Mohamed Salah
88%
Which is From Portugal?Rafael Leao
88%
Which is Retired?Baresi
79%
Who is not a goalkeeper?Valverde
79%
Lionel Messi and Cristiano Ronaldo are friends.True
68%

Score Distribution

Percentile by Number Answered

Percent of People with Each Score

Your Score History

You have not taken this quiz